| 000 | 00710nmc a2200277 a 4500 | ||
|---|---|---|---|
| 003 | AR-BaBNM | ||
| 005 | 20251128204712.0 | ||
| 008 | 257019s1993 ||||||||||||||000 | spa|| | ||
| 020 | _a950-755-024-0 | ||
| 040 | _cAR-BaBNM | ||
| 100 | 1 | _aGesumaría, Susana | |
| 245 | 1 | 0 | _aVolteando estrellas |
| 260 |
_aBuenos Aires _bBraga _c1993 |
||
| 300 |
_a45 p. _bil. |
||
| 490 | 0 |
_aAlas de halcón _vv. 4 |
|
| 500 | _aRecomendado para adolescentes | ||
| 650 | 4 | _aENSENANZA DE LA LECTURA | |
| 650 | 4 | _aLIBROS PARA NINOS | |
| 650 | 4 | _aLITERATURA INFANTIL | |
| 650 | 4 | _aADOLESCENTES | |
| 650 | 4 | _aHISTORIAS DE AMOR | |
| 653 | _aLIBROS DE LECTURA | ||
| 655 | _aLITERATURA | ||
| 942 | _cBK | ||
| 998 | _claura | ||
| 999 |
_c8482 _d8482 |
||